Password anglický výkladový slovník so slovenskými ekvivalentmi

Salvato in:
Dettagli Bibliografici
Altri autori: Cániková, Andrea
Natura: Libro
Lingua:slovacco
inglese
Pubblicazione: Bratislava Slov. ped. nakl. 1993
Edizione:1. Vyd.
Soggetti:
Tags: Aggiungi Tag
Nessun Tag, puoi essere il primo ad aggiungerne!!

MARC

LEADER 00000nam a2200000 4500
001 c002516
005 20230110094826.1
020 |a 80-08-01874-7 
041 0 |a slo 
041 0 |a eng 
044 |a SK 
245 1 0 |a Password  |b anglický výkladový slovník so slovenskými ekvivalentmi  |c Zodp. red. Andrea Cániková 
250 |a 1. Vyd. 
264 1 |a Bratislava  |b Slov. ped. nakl.  |c 1993 
300 |a 698 s. 
610 2 0 |a angličtina 
610 2 0 |a terminológia 
610 2 0 |a jazykoveda 
610 2 0 |a slovenčina 
700 1 |a Cániková, Andrea